Μοντέρνα μαθηματικά
Αποθηκεύτηκε σε:
| Κύριος συγγραφέας: | |
|---|---|
| Μορφή: | Βιβλίο |
| Γλώσσα: | Greek |
| Δημοσίευση: |
Αθήναι :
Πέτρος Γ. Τόγκας,
[19--]
|
| Θέματα: | |
| Ετικέτες: |
Προσθήκη ετικέτας
Δεν υπάρχουν, Καταχωρήστε ετικέτα πρώτοι!
|
MARC
| LEADER | 00000cam a2200000 i 4500 | ||
|---|---|---|---|
| 001 | 1/9507 | ||
| 008 | 100716q gre d | ||
| 035 | |l 10108657 | ||
| 040 | |a GR-MY-UA |b gre |e aacr | ||
| 041 | 0 | |a gre | |
| 082 | 0 | |a 510 |2 (22) | |
| 100 | 1 | |a Τόγκας, Πέτρος Γ. | |
| 245 | 1 | 0 | |a Μοντέρνα μαθηματικά / |c Πέτρου Γ. Τόγκα |
| 260 | |a Αθήναι : |b Πέτρος Γ. Τόγκας, |c [19--] | ||
| 300 | |a 61 σ.; |b εικ.; |c 21 εκ. | ||
| 505 | 0 | |a Τ. 1. Σύνολα | |
| 650 | 0 | 0 | |a Mathematics. |
| 740 | 0 | 2 | |a Σύνολα |
| 852 | |a INST |b SAMOS |c MAG |e 20100716 |h 510 ΤΟΓ |p 005300031457 |q 005300031457 |t BK |y 0 | ||
| 901 | |a BIBL3-2010-2 | ||
| 909 | |a Σ |b 165896 | ||
| 970 | |a ΣΙΤΖΙΜΗ |b ΓΙΑΣΕΜΗ |z 2010/07/16 | ||